| 000 | 00561nam a22002057a 4500 | ||
|---|---|---|---|
| 003 | OSt | ||
| 005 | 20260116035812.0 | ||
| 008 | 260116b |||||||| |||| 00| 0 eng d | ||
| 020 | _a971-117-197-X. | ||
| 040 |
_aDWC-Main Lib. _cOC |
||
| 082 | _aFil. 110 Sl475 1991 | ||
| 100 | _aAlvira, Tomas | ||
| 245 |
_aMetaphysics/ _cTomas Alvira |
||
| 260 |
_aManila : _b Sinag-Tala Publishers, Inc., _cc1991. |
||
| 300 |
_axii, 249 p. ; _c21 cm. |
||
| 650 | _a1. Metaphysics. | ||
| 700 | _aSupan, Luis | ||
| 700 | _aGuzman, M. | ||
| 942 |
_2ddc _cBK - FIL _hFil. _n0 |
||
| 999 |
_c7494 _d7494 |
||